[Event "Titled Tuesday intern op 23rd Apr Late"]
[Site "Chess.com INT"]
[Date "2024.04.23"]
[Round "8"]
[White "Boder, Jan"]
[Black "Papayan, Oleg"]
[Result "0-1"]
[WhiteElo "2328"]
[BlackElo "2183"]
[PlyCount "84"]
[EventDate "2024.04.23"]
[EventType "swiss (blitz)"]
[EventRounds "11"]
[EventCountry "USA"]
[SourceTitle "CB18_2024"]
[SourceDate "2024.05.01"]
[SourceVersion "1"]
[SourceVersionDate "2024.05.01"]
[SourceQuality "2"]

1. c4 Nf6 2. g3 d5 3. cxd5 Qxd5 4. Nf3 Bg4 5. Nc3 Qh5 6. Bg2 Nc6 7. Qb3 0-0-0 8. d3 e6 9. h3 Bxf3 10. Bxf3 Qc5 11. Be3 Qb4 12. Bxc6 bxc6 13. Bxa7 Qxb3 14. axb3 c5 15. Ra5 Nd7 16. 0-0 Kb7 17. Rfa1 Bd6 18. Ne4 Ra8 19. Nxc5+ Nxc5 20. Bxc5 Bxc5 21. b4 Bb6 22. R5a3 Bd4 23. Rb1 Rxa3 24. bxa3 Ra8 25. Rb3 Kb6 26. e3 Bf6 27. d4 c6 28. Rc3 e5 29. dxe5 Bxe5 30. Rd3 Kc7 31. Rb3 Kb6 32. f4 Bf6 33. Kf2 Kb5 34. Rd3 Ra7 35. Kf3 Kc4 36. Rd1 Rxa3 37. Rd7 Kxb4 38. g4 h6 39. h4 Bxh4 40. Rxf7 Bf6 41. Ke4 c5 42. Kd5 Rd3+ 0-1

[Event "Titled Tuesday intern op 23rd Apr Late"]
[Site "Chess.com INT"]
[Date "2024.04.23"]
[Round "9"]
[White "Papayan, Oleg"]
[Black "Duda, Jan Krzysztof"]
[Result "0-1"]
[WhiteElo "2183"]
[BlackElo "2731"]
[PlyCount "66"]
[EventDate "2024.04.23"]
[EventType "swiss (blitz)"]
[EventRounds "11"]
[EventCountry "USA"]
[SourceTitle "CB18_2024"]
[SourceDate "2024.05.01"]
[SourceVersion "1"]
[SourceVersionDate "2024.05.01"]
[SourceQuality "2"]

1. e4 Nf6 2. e5 Ng8 3. Nc3 d6 4. exd6 exd6 5. d4 Nf6 6. Nf3 Be7 7. Bd3 0-0 8. h3 Re8 9. 0-0 Nbd7 10. Bg5 b6 11. Re1 Bb7 12. d5 h6 13. Bxf6 Bxf6 14. Bb5 Bxc3 15. Rxe8+ Qxe8 16. bxc3 a6 17. Bxd7 Qxd7 18. c4 Re8 19. Nd4 Qe7 20. Qd3 Bc8 21. Rd1 Bd7 22. Rd2 Qe1+ 23. Kh2 Ba4 24. c3 g6 25. Re2 Rxe2 26. Nxe2 Qxf2 27. Nd4 Qxa2 28. Qe3 Qxc4 29. h4 h5 30. Nf3 Qxd5 31. Qe7 Qc4 32. Ng5 Bc6 33. g3 Qd5 0-1

[Event "Speed Chess Q2 Sw"]
[Site "Chess.com INT"]
[Date "2023.08.23"]
[Round "4"]
[White "Bazilius, Augustinas"]
[Black "Papayan, Oleg"]
[Result "0-1"]
[WhiteElo "2052"]
[BlackElo "2197"]
[PlyCount "98"]
[EventDate "2023.08.23"]
[EventType "swiss (blitz)"]
[EventRounds "14"]
[EventCountry "USA"]
[SourceTitle "CBM 215 Extra"]
[Source "ChessBase"]
[SourceDate "2023.09.30"]
[SourceVersion "1"]
[SourceVersionDate "2023.09.30"]
[SourceQuality "1"]

1. d4 d5 2. c4 dxc4 3. Nf3 Nf6 4. e3 e6 5. Bxc4 c5 6. 0-0 a6 7. a4 Nc6 8. Nc3 cxd4 9. exd4 Be7 10. d5 exd5 11. Nxd5 Nxd5 12. Bxd5 0-0 13. Bxc6 bxc6 14. Bf4 Bf6 15. Qc2 Qb6 16. Ne5 Be6 17. a5 Qb4 18. Bg3 Rfc8 19. Rfc1 c5 20. Ra3 c4 21. Ra4 Qb3 22. Nxc4 Bxc4 23. Rxc4 Rxc4 24. Qxc4 Qxc4 25. Rxc4 Bxb2 26. Bc7 Rc8 27. Rc5 Bd4 28. Rd5 g5 29. Rxg5+ Kf8 30. Bd6+ Ke8 31. Rg8+ Kd7 32. Rxc8 Kxc8 33. Kf1 Bc3 34. Ke2 Bxa5 35. Kf3 Bc7 36. Ba3 Kd7 37. h4 Bd6 38. Bb2 a5 39. g4 a4 40. Ke4 a3 41. Ba1 Ke6 42. f4 Bb4 43. f5+ Kd7 44. g5 Bd2 45. Kf3 Bc1 46. Bc3 Bb2 47. Bb4 a2 48. g6 fxg6 49. fxg6 hxg6 0-1

[Event "Speed Chess Q2 Sw"]
[Site "Chess.com INT"]
[Date "2023.08.23"]
[Round "11"]
[White "Papayan, Oleg"]
[Black "Baziuk, Vladyslav"]
[Result "0-1"]
[WhiteElo "2197"]
[BlackElo "2211"]
[PlyCount "102"]
[EventDate "2023.08.23"]
[EventType "swiss (blitz)"]
[EventRounds "14"]
[EventCountry "USA"]
[SourceTitle "CBM 215 Extra"]
[Source "ChessBase"]
[SourceDate "2023.09.30"]
[SourceVersion "1"]
[SourceVersionDate "2023.09.30"]
[SourceQuality "1"]

1. e4 c5 2. d4 cxd4 3. Qxd4 Nc6 4. Qd3 e6 5. Nc3 Nf6 6. Bf4 Bb4 7. Nge2 0-0 8. 0-0-0 a6 9. h4 b5 10. h5 h6 11. f3 Bb7 12. g4 Nh7 13. Bd6 Re8 14. f4 Rc8 15. Bxb4 Nxb4 16. Qxd7 Qb6 17. Qd4 Qa5 18. a3 Nc6 19. Qc5 e5 20. Bg2 exf4 21. Nxf4 Ne5 22. Qa7 Rxc3 23. bxc3 Nc4 24. Rd3 Qxa3+ 25. Kd1 Ba8 26. Nd5 Bxd5 27. Rxd5 Qxc3 28. Re1 Nf6 29. Rd3 Nb2+ 30. Ke2 Nxd3 31. cxd3 Nxg4 32. Qg1 Qc2+ 33. Kf3 Ne5+ 34. Kg3 Nxd3 35. Re3 Ne5 36. Qe1 Qc4 37. Rc3 Qe6 38. Qe2 Qf6 39. Bh3 Qg5+ 40. Kh2 b4 41. Rg3 Qf4 42. Kg2 a5 43. Qa6 b3 44. Qxa5 Qxe4+ 45. Kh2 b2 46. Qb5 b1Q 47. Rxg7+ Kxg7 48. Qxe8 Qbc2+ 49. Kg3 Qcd3+ 50. Kh2 Qd2+ 51. Bg2 Qdxg2# 0-1

[Event "Speed Chess Q2 Sw"]
[Site "Chess.com INT"]
[Date "2023.08.23"]
[Round "13"]
[White "Papayan, Oleg"]
[Black "Povshednyi, Ivan"]
[Result "1-0"]
[WhiteElo "2197"]
[BlackElo "2223"]
[PlyCount "101"]
[EventDate "2023.08.23"]
[EventType "swiss (blitz)"]
[EventRounds "14"]
[EventCountry "USA"]
[SourceTitle "CBM 215 Extra"]
[Source "ChessBase"]
[SourceDate "2023.09.30"]
[SourceVersion "1"]
[SourceVersionDate "2023.09.30"]
[SourceQuality "1"]

1. e4 c5 2. d4 cxd4 3. Qxd4 Nc6 4. Qd3 Nf6 5. Nc3 d6 6. Nf3 g6 7. Be2 Bg7 8. 0-0 0-0 9. Nd5 Bg4 10. c3 Bxf3 11. Qxf3 Ne5 12. Qe3 Nxd5 13. exd5 Qb6 14. Qxb6 axb6 15. Be3 Nd7 16. a4 Rfc8 17. Bb5 Nf6 18. Rfd1 Ne8 19. Bxb6 Nf6 20. a5 Ne4 21. f3 Nc5 22. Ra3 Bf6 23. Kf2 h5 24. Ke3 Kg7 25. b4 Na6 26. Bd4 Nc7 27. Bc4 Ne8 28. Be2 Nc7 29. c4 e5 30. dxe6 Nxe6 31. Bxf6+ Kxf6 32. Rxd6 Ke7 33. Rb6 Rc7 34. a6 bxa6 35. Raxa6 Rac8 36. c5 Nf8 37. Bc4 Nd7 38. Rd6 Ne5 39. Bd5 Nd7 40. Kd4 Nxc5 41. bxc5 Rxc5 42. Rac6 R5xc6 43. Rxc6 Rd8 44. Rc7+ Ke8 45. Ke5 f6+ 46. Ke6 Rb8 47. Bc6+ Kd8 48. Rh7 Rb1 49. Kd6 Rd1+ 50. Bd5 Kc8 51. Rh8# 1-0

[Event "Speed Chess Q2 Sw"]
[Site "Chess.com INT"]
[Date "2023.08.23"]
[Round "2"]
[White "Ronka, Erik"]
[Black "Papayan, Oleg"]
[Result "1-0"]
[WhiteElo "2273"]
[BlackElo "2197"]
[PlyCount "59"]
[EventDate "2023.08.23"]
[EventType "swiss (blitz)"]
[EventRounds "14"]
[EventCountry "USA"]
[SourceTitle "CBM 215 Extra"]
[Source "ChessBase"]
[SourceDate "2023.09.30"]
[SourceVersion "1"]
[SourceVersionDate "2023.09.30"]
[SourceQuality "1"]

1. e4 e5 2. Nf3 Nc6 3. Bb5 Nf6 4. 0-0 Nxe4 5. Re1 Nd6 6. Nxe5 Be7 7. Bf1 Nxe5 8. Rxe5 0-0 9. d4 Bf6 10. Re1 Re8 11. Rxe8+ Nxe8 12. d5 d6 13. Nd2 Bf5 14. c3 c6 15. Nc4 Be4 16. dxc6 bxc6 17. Qa4 c5 18. Bf4 d5 19. Na5 d4 20. Re1 Bd5 21. Bb5 Nc7 22. Bc6 Bxc6 23. Nxc6 Qc8 24. Nxa7 Qb7 25. Bxc7 g5 26. Re8+ Kg7 27. Rxa8 dxc3 28. b4 Qxa8 29. bxc5 Qe4 30. Qxe4 1-0

[Event "Titled Tuesday intern op 22nd Aug Late"]
[Site "Chess.com INT"]
[Date "2023.08.22"]
[Round "10"]
[White "Kuzmicz, Krystian"]
[Black "Papayan, Oleg"]
[Result "1/2-1/2"]
[WhiteElo "2466"]
[BlackElo "2197"]
[PlyCount "226"]
[EventDate "2023.08.22"]
[EventType "swiss (blitz)"]
[EventRounds "11"]
[EventCountry "USA"]
[SourceTitle "EXT 2024"]
[Source "ChessBase"]
[SourceDate "2023.10.10"]
[SourceVersion "1"]
[SourceVersionDate "2023.10.10"]
[SourceQuality "1"]

1. e4 d5 2. exd5 Qxd5 3. Nf3 Nf6 4. d4 c6 5. Be2 Bf5 6. 0-0 e6 7. c4 Qd8 8. Nc3 Be7 9. Be3 0-0 10. h3 Nbd7 11. Rc1 Ne4 12. Nxe4 Bxe4 13. Nd2 Bg6 14. Bf3 Nf6 15. Re1 Qa5 16. a3 Rfd8 17. Qe2 Rd7 18. Rc3 Rad8 19. b4 Qc7 20. Rec1 a5 21. Rb3 axb4 22. axb4 Ra8 23. b5 cxb5 24. Rxb5 Nd5 25. Qf1 Nxe3 26. fxe3 Ra7 27. Ne4 Rd8 28. c5 h6 29. Qf2 e5 30. d5 Rxd5 31. Nf6+ Bxf6 32. Bxd5 e4 33. Qf4 Be5 34. Qg4 Kh8 35. Bxe4 Ra4 36. c6 Rxe4 37. Rxb7 Rxg4 38. Rxc7 Rxg2+ 39. Kxg2 Be4+ 40. Kf2 Bxc7 41. Rd1 Bxc6 42. Rc1 Be5 43. Rxc6 Kh7 44. Kf3 f6 45. h4 Kg6 46. Kg4 h5+ 47. Kf3 Kf5 48. e4+ Kg6 49. Rc8 Kf7 50. Rh8 Kg6 51. Ke2 Bg3 52. Kf3 Bxh4 53. Re8 Bg5 54. e5 fxe5 55. Rxe5 Bf6 56. Rb5 Kh6 57. Rb7 g6 58. Rb6 Kg5 59. Rb5+ Kh6 60. Rb6 Bc3 61. Rxg6+ Kxg6 62. Kg2 Kg5 63. Kh1 Kg6 64. Kh2 Kf5 65. Kh1 Kg4 66. Kh2 h4 67. Kh1 h3 68. Kh2 Kh4 69. Kh1 Bf6 70. Kh2 Bg7 71. Kh1 Bf8 72. Kh2 Be7 73. Kh1 Bd6 74. Kg1 Bc7 75. Kh1 Bb8 76. Kg1 Ba7+ 77. Kh1 Bb6 78. Kh2 Ba5 79. Kh1 Bb4 80. Kh2 Ba3 81. Kh1 Bb2 82. Kh2 Ba1 83. Kh1 Kg4 84. Kh2 Bh8 85. Kh1 Kh4 86. Kh2 Bg7 87. Kh1 Bh6 88. Kh2 Bf4+ 89. Kh1 Kg3 90. Kg1 Be3+ 91. Kh1 Bh6 92. Kg1 Bf8 93. Kh1 Ba3 94. Kg1 Bc1 95. Kh1 Bh6 96. Kg1 Kh4 97. Kh1 Kg4 98. Kh2 Bf4+ 99. Kh1 Bg3 100. Kg1 Kh4 101. Kh1 Kg5 102. Kg1 Bh2+ 103. Kxh2 Kg4 104. Kh1 Kh5 105. Kh2 Kh4 106. Kh1 Kg4 107. Kh2 Kg5 108. Kh1 Kh5 109. Kh2 Kh4 110. Kh1 Kg3 111. Kg1 Kf4 112. Kh1 Kg4 113. Kh2 Kh4 1/2-1/2

[Event "Titled Tuesday intern op 22nd Aug Late"]
[Site "Chess.com INT"]
[Date "2023.08.22"]
[Round "2"]
[White "Papayan, Oleg"]
[Black "Matlakov, Maxim"]
[Result "0-1"]
[WhiteElo "2197"]
[BlackElo "2677"]
[PlyCount "72"]
[EventDate "2023.08.22"]
[EventType "swiss (blitz)"]
[EventRounds "11"]
[EventCountry "USA"]
[SourceTitle "EXT 2024"]
[Source "ChessBase"]
[SourceDate "2023.10.10"]
[SourceVersion "1"]
[SourceVersionDate "2023.10.10"]
[SourceQuality "1"]

1. e4 c5 2. Nf3 e6 3. d4 cxd4 4. Nxd4 Nc6 5. Nb5 d6 6. Bf4 e5 7. Be3 a6 8. N5c3 Nf6 9. Nd2 b5 10. Nd5 Nxd5 11. exd5 Ne7 12. Ne4 Nf5 13. Qf3 Nxe3 14. fxe3 f5 15. Ng3 g6 16. a4 b4 17. e4 f4 18. Ne2 Bg7 19. Nc1 0-0 20. Bd3 Qh4+ 21. Qf2 Qg5 22. Nb3 f3 23. g3 Bh6 24. Nd2 Bh3 25. 0-0-0 Qe3 26. Qxe3 Bxe3 27. Kb1 Bg2 28. Nc4 Bc5 29. Kc1 f2 30. Rhf1 h5 31. h4 Rf3 32. Rh1 Rxg3 33. Rh2 Rf8 34. Bf1 Bxf1 35. Rxf1 Rg1 36. Nd2 Be3 0-1

[Event "Titled Tuesday intern op 22nd Aug Late"]
[Site "Chess.com INT"]
[Date "2023.08.22"]
[Round "4"]
[White "Papayan, Oleg"]
[Black "Naroditsky, Daniel"]
[Result "0-1"]
[WhiteElo "2197"]
[BlackElo "2619"]
[PlyCount "56"]
[EventDate "2023.08.22"]
[EventType "swiss (blitz)"]
[EventRounds "11"]
[EventCountry "USA"]
[SourceTitle "EXT 2024"]
[Source "ChessBase"]
[SourceDate "2023.10.10"]
[SourceVersion "1"]
[SourceVersionDate "2023.10.10"]
[SourceQuality "1"]

1. e4 c5 2. Nf3 d6 3. d4 cxd4 4. Qxd4 Nf6 5. Nc3 Nc6 6. Bb5 e5 7. Qd3 h6 8. 0-0 Be7 9. a3 0-0 10. Bc4 Be6 11. Rd1 Rc8 12. Bd5 a6 13. Be3 b5 14. h3 Na5 15. Nd2 Bxd5 16. Nxd5 Nxd5 17. Qxd5 Rxc2 18. a4 Rxb2 19. Rdb1 Rxb1+ 20. Rxb1 Qa8 21. axb5 Qxd5 22. exd5 axb5 23. Rxb5 Ra8 24. Rb4 Bd8 25. g4 Rc8 26. Ne4 Nc4 27. Rb7 Bh4 28. Rd7 Rd8 0-1

[Event "Titled Tuesday intern op 22nd Aug Late"]
[Site "Chess.com INT"]
[Date "2023.08.22"]
[Round "9"]
[White "Papayan, Oleg"]
[Black "Shohat, Yotam"]
[Result "1-0"]
[WhiteElo "2197"]
[BlackElo "2332"]
[PlyCount "131"]
[EventDate "2023.08.22"]
[EventType "swiss (blitz)"]
[EventRounds "11"]
[EventCountry "USA"]
[SourceTitle "EXT 2024"]
[Source "ChessBase"]
[SourceDate "2023.10.10"]
[SourceVersion "1"]
[SourceVersionDate "2023.10.10"]
[SourceQuality "1"]

1. e4 e5 2. Nf3 Nc6 3. Bb5 a6 4. Bxc6 dxc6 5. Nc3 f6 6. d4 Bg4 7. dxe5 Qxd1+ 8. Nxd1 Bxf3 9. gxf3 fxe5 10. f4 Nf6 11. f3 exf4 12. Bxf4 Bd6 13. Bg3 Bxg3+ 14. hxg3 Kf7 15. Ne3 Rad8 16. Ke2 Rd7 17. g4 h6 18. g5 Ng8 19. Rag1 Ne7 20. gxh6 Rxh6 21. Rxh6 gxh6 22. Ng4 Rd6 23. f4 c5 24. f5 Nc6 25. c3 h5 26. Nf2 Ne5 27. Rh1 Rh6 28. Ke3 Kf6 29. Kf4 c4 30. Rd1 h4 31. Rd5 Nd3+ 32. Nxd3 cxd3 33. e5+ Ke7 34. Rxd3 h3 35. Rd1 h2 36. Rh1 Rh4+ 37. Kg3 Re4 38. Rxh2 Rxe5 39. Kf4 Rb5 40. Kg5 Rb6 41. Rh7+ Kd8 42. f6 Rxb2 43. Rh8+ Kd7 44. f7 Rg2+ 45. Kh6 Rh2+ 46. Kg7 Rg2+ 47. Kf8 Rxa2 48. Rg8 Rf2 49. Kg7 a5 50. f8Q Rxf8 51. Rxf8 a4 52. Kf6 Kd6 53. Kf5 Kd5 54. Rb8 b6 55. Rb7 Kc6 56. Ra7 b5 57. Ke4 Kb6 58. Ra8 Kb7 59. Rg8 Kb6 60. Kd5 c6+ 61. Kd4 c5+ 62. Kd5 b4 63. cxb4 cxb4 64. Kc4 a3 65. Kxb4 a2 66. Ra8 1-0

[Event "Titled Tuesday intern op 22nd Aug Late"]
[Site "Chess.com INT"]
[Date "2023.08.22"]
[Round "11"]
[White "Rustemov, Alexander"]
[Black "Papayan, Oleg"]
[Result "1/2-1/2"]
[WhiteElo "2525"]
[BlackElo "2197"]
[PlyCount "181"]
[EventDate "2023.08.22"]
[EventType "swiss (blitz)"]
[EventRounds "11"]
[EventCountry "USA"]
[SourceTitle "EXT 2024"]
[Source "ChessBase"]
[SourceDate "2023.10.10"]
[SourceVersion "1"]
[SourceVersionDate "2023.10.10"]
[SourceQuality "1"]

1. d4 Nf6 2. c4 b6 3. Nf3 Bb7 4. Nc3 e6 5. a3 Ne4 6. Nxe4 Bxe4 7. Bf4 Bb7 8. e3 g6 9. Bd3 Bg7 10. 0-0 d6 11. h3 0-0 12. Rc1 Nd7 13. Bh2 e5 14. Be2 a5 15. b3 exd4 16. Nxd4 Nc5 17. Qc2 Re8 18. Rfd1 Be4 19. Qa2 Qg5 20. Nf3 Qf6 21. Nd4 Qg5 22. Nf3 Qf6 23. Nd4 h5 24. Bf3 Bxf3 25. Nxf3 a4 26. b4 Nb3 27. Rb1 Qf5 28. Qe2 Re7 29. Qd3 Re4 30. Ng5 Rae8 31. Nxe4 Qxe4 32. Rxb3 axb3 33. Qxb3 Ra8 34. a4 Qc6 35. b5 Qe4 36. Bf4 Qb7 37. Rd2 Qe4 38. Ra2 Ra5 39. f3 Qf5 40. Bg3 Ra8 41. Be1 Qc5 42. a5 bxa5 43. Rxa5 Re8 44. Bf2 Bh6 45. e4 Qe5 46. Ra2 Bf4 47. Qd3 Qe6 48. Qd5 Qd7 49. Ra8 Kh7 50. Rxe8 Qxe8 51. Bd4 Qe7 52. Kf1 h4 53. Bf2 Be5 54. Qd2 Qf6 55. Qe1 g5 56. Be3 Qe6 57. Qe2 f6 58. Qd3 Qc8 59. Qd5 Kg7 60. Bd4 Bxd4 61. Qxd4 Qa8 62. Kg1 Qa5 63. Qd1 Qc3 64. Qe2 Qd4+ 65. Kh1 Kh6 66. Qf1 Qe3 67. Qd1 Qc3 68. Qf1 Kg7 69. Qe2 Kf7 70. Kh2 Ke6 71. g3 Qe5 72. Qf2 hxg3+ 73. Qxg3 Qb2+ 74. Qg2 Qe5+ 75. Qg3 Qb2+ 76. Qg2 Qe5+ 77. Kh1 Qa1+ 78. Qg1 Qa2 79. Qf1 Qd2 80. Qg2 Qc1+ 81. Kh2 Qxc4 82. Qg4+ Ke7 83. Qf5 Qc2+ 84. Kg3 Qc1 85. Kg4 Qc4 86. Kh5 Qf7+ 87. Kh6 Qf8+ 88. Kh7 Qf7+ 89. Kh6 Qf8+ 90. Kg6 Qf7+ 91. Kh6 1/2-1/2

[Event "St Petersburg Korchnoi Memorial op"]
[Site "St Petersburg"]
[Date "2023.08.21"]
[Round "5"]
[White "Tsaruk, Maksim"]
[Black "Papayan, Oleg"]
[Result "1-0"]
[WhiteElo "2406"]
[BlackElo "2197"]
[PlyCount "89"]
[EventDate "2023.08.18"]
[EventType "swiss"]
[EventRounds "9"]
[EventCountry "RUS"]
[SourceTitle "EXT 2024"]
[Source "ChessBase"]
[SourceDate "2023.10.10"]
[SourceVersion "1"]
[SourceVersionDate "2023.10.10"]
[SourceQuality "1"]

1. e4 e5 2. Nf3 Nc6 3. Bc4 Nf6 4. d3 Bc5 5. 0-0 d6 6. c3 a5 7. Nbd2 0-0 8. h3 Be6 9. Bb5 Ba7 10. Re1 Ne7 11. d4 Ng6 12. b3 c6 13. Bf1 Qc7 14. Bb2 Rad8 15. Qc2 Nh5 16. c4 Nhf4 17. Rad1 f6 18. a3 Qc8 19. Qc3 b6 20. b4 axb4 21. axb4 Bb8 22. Qe3 Bc7 23. d5 cxd5 24. cxd5 Bd7 25. b5 f5 26. Ba3 Rf6 27. exf5 Rxf5 28. Ne4 Rh5 29. Ng3 Rh6 30. Ng5 Rf8 31. Rc1 Qd8 32. N3e4 Rh5 33. Rxc7 Qxc7 34. Bxd6 Qd8 35. Bxf8 Qxf8 36. Ne6 Nxe6 37. dxe6 Bxe6 38. Qxb6 Nf4 39. Rd1 Bd5 40. Rxd5 Nxd5 41. Bc4 h6 42. Qg6 Rf5 43. Bxd5+ Kh8 44. b6 Qc8 45. Qc6 1-0

[Event "Titled Tuesday intern op 15th Aug Early"]
[Site "Chess.com INT"]
[Date "2023.08.15"]
[Round "10"]
[White "Papayan, Oleg"]
[Black "Devaev, Alexander"]
[Result "1-0"]
[WhiteElo "2197"]
[BlackElo "2325"]
[PlyCount "57"]
[EventDate "2023.08.15"]
[EventType "swiss (blitz)"]
[EventRounds "11"]
[EventCountry "USA"]
[SourceTitle "EXT 2024"]
[Source "ChessBase"]
[SourceDate "2023.10.10"]
[SourceVersion "1"]
[SourceVersionDate "2023.10.10"]
[SourceQuality "1"]

1. e4 c6 2. Nc3 d5 3. Nf3 Nf6 4. e5 Ne4 5. Ne2 e6 6. d4 c5 7. Ng3 Nc6 8. dxc5 Nxg3 9. hxg3 Bxc5 10. Bd3 h6 11. 0-0 Bd7 12. Qe2 Qb6 13. c3 a5 14. a4 d4 15. Bb5 dxc3 16. bxc3 0-0 17. Rd1 Rfd8 18. Bf4 Qc7 19. Qc4 Ne7 20. Rd2 Bxb5 21. Qxb5 b6 22. Rad1 Ng6 23. Rd7 Rxd7 24. Rxd7 Qc8 25. Qd3 Qe8 26. Nd2 Rc8 27. Ne4 Be7 28. Kh2 Bf8 29. c4 1-0

[Event "Titled Tuesday intern op 15th Aug Late"]
[Site "Chess.com INT"]
[Date "2023.08.15"]
[Round "2"]
[White "Papayan, Oleg"]
[Black "Naroditsky, Daniel"]
[Result "1/2-1/2"]
[WhiteElo "2197"]
[BlackElo "2619"]
[PlyCount "33"]
[EventDate "2023.08.15"]
[EventType "swiss (blitz)"]
[EventRounds "11"]
[EventCountry "USA"]
[SourceTitle "EXT 2024"]
[Source "ChessBase"]
[SourceDate "2023.10.10"]
[SourceVersion "1"]
[SourceVersionDate "2023.10.10"]
[SourceQuality "1"]

1. e4 Nf6 2. e5 Nd5 3. c4 Nb6 4. d4 d6 5. f4 dxe5 6. fxe5 Bf5 7. Nc3 e6 8. Nf3 Bb4 9. Bd3 Bxd3 10. Qxd3 c5 11. Bg5 Qd7 12. 0-0 cxd4 13. Ne4 Na6 14. Bf6 Nc5 15. Nxc5 Bxc5 16. Bxg7 Rg8 17. Bf6 1/2-1/2

[Event "Titled Tuesday intern op 15th Aug Late"]
[Site "Chess.com INT"]
[Date "2023.08.15"]
[Round "7"]
[White "Zhigalko, Sergei"]
[Black "Papayan, Oleg"]
[Result "1-0"]
[WhiteElo "2572"]
[BlackElo "2197"]
[PlyCount "59"]
[EventDate "2023.08.15"]
[EventType "swiss (blitz)"]
[EventRounds "11"]
[EventCountry "USA"]
[SourceTitle "EXT 2024"]
[Source "ChessBase"]
[SourceDate "2023.10.10"]
[SourceVersion "1"]
[SourceVersionDate "2023.10.10"]
[SourceQuality "1"]

1. e4 e5 2. Nf3 Nc6 3. Bc4 Nf6 4. d3 Bc5 5. 0-0 d6 6. Nbd2 a5 7. c3 0-0 8. h3 Be6 9. Bb5 Ba7 10. Re1 Ne7 11. d4 Ng6 12. Nf1 c6 13. Bd3 Re8 14. Ng3 Qc7 15. Be3 h6 16. Qd2 Rad8 17. Qc2 Nf4 18. Bf1 g5 19. dxe5 Bxe3 20. fxe3 dxe5 21. exf4 exf4 22. Nh1 Nh5 23. Nd4 g4 24. hxg4 Bxg4 25. Be2 Qc8 26. Nf2 Bxe2 27. Qxe2 Nf6 28. Qf3 Re5 29. Qxf4 Nd7 30. Nf5 1-0

[Event "Titled Tuesday intern op 08th Aug Early"]
[Site "Chess.com INT"]
[Date "2023.08.08"]
[Round "7"]
[White "Korchmar, Vasiliy"]
[Black "Papayan, Oleg"]
[Result "1-0"]
[WhiteElo "2438"]
[BlackElo "2197"]
[PlyCount "41"]
[EventDate "2023.08.08"]
[EventType "swiss (blitz)"]
[EventRounds "11"]
[EventCountry "USA"]
[SourceTitle "EXT 2024"]
[Source "ChessBase"]
[SourceDate "2023.10.10"]
[SourceVersion "1"]
[SourceVersionDate "2023.10.10"]
[SourceQuality "1"]

1. e4 d5 2. exd5 Qxd5 3. Nc3 Qd8 4. d4 c6 5. Nf3 Bf5 6. Bc4 e6 7. 0-0 Nf6 8. Ne5 Nbd7 9. Bg5 Nxe5 10. dxe5 Qxd1 11. Raxd1 Nd7 12. Nb5 Rc8 13. Rxd7 f6 14. Rfd1 cxb5 15. Bxb5 Rc5 16. exf6 gxf6 17. Bxf6 Rxb5 18. Bxh8 Bxc2 19. R1d2 Bh6 20. Rd8+ Ke7 21. R2d7# 1-0

[Event "Titled Tuesday intern op 08th Aug Late"]
[Site "Chess.com INT"]
[Date "2023.08.08"]
[Round "7"]
[White "Korchmar, Vasiliy"]
[Black "Papayan, Oleg"]
[Result "1-0"]
[WhiteElo "2438"]
[BlackElo "2197"]
[PlyCount "95"]
[EventDate "2023.08.08"]
[EventType "swiss (blitz)"]
[EventRounds "11"]
[EventCountry "USA"]
[SourceTitle "EXT 2024"]
[Source "ChessBase"]
[SourceDate "2023.10.10"]
[SourceVersion "1"]
[SourceVersionDate "2023.10.10"]
[SourceQuality "1"]

1. e4 e5 2. Nf3 Nc6 3. Bc4 Nf6 4. d3 Bc5 5. c3 d6 6. Bg5 h6 7. Bh4 a6 8. 0-0 0-0 9. Nbd2 Ba7 10. a4 Be6 11. Re1 Ne7 12. Bxf6 gxf6 13. Nh4 Ng6 14. Nxg6 Bxc4 15. Nxf8 Bxd3 16. Qf3 Bc2 17. Rec1 Bxa4 18. Rxa4 Kxf8 19. Nf1 b5 20. Raa1 a5 21. Ne3 Bxe3 22. Qxe3 Kg7 23. c4 b4 24. b3 Qd7 25. c5 a4 26. c6 Qe6 27. Rxa4 Rxa4 28. bxa4 Qa2 29. Qa7 b3 30. Rf1 b2 31. Qb7 Qa1 32. h3 Qc1 33. a5 d5 34. exd5 e4 35. d6 e3 36. fxe3 Qxe3+ 37. Kh1 Qe2 38. Rg1 cxd6 39. c7 d5 40. c8Q d4 41. Qg4+ Qxg4 42. hxg4 d3 43. Qxb2 h5 44. Rf1 Kh6 45. Qxf6+ Kh7 46. Rf5 hxg4 47. Rh5+ Kg8 48. Rh8# 1-0